00922ntm a22002417a 450000500170000000800410001704000280005808200170008610000350010324500770013826000090021530000340022450001790025859000100043765000390044765300230048665500150050970000210052477700090054594200080055499900170056295201010057920170813155155.0170802s20?? xx a frb 000 0 eng d aEG-ScBUEbengcEG-ScBUE04222a624bAZI1 aAbdel-aziz, Amr Mohammed Nasr.10a12-Storey residential concrete building /cAmr Mohammed Nasr Abdel-aziz. c200? a1 v. :bill. (col.) ;c28 cm. aA dissertation submitted to the faculty of engineering the British University in Egypt,in partial fulfillment of the requirements for the bachelor degree in civil engineering anagwa 72BUEshaCivil EngineeringvProjects bENGCIVcAugust2017 a200?vSPRO1 aHelmy, Amr.ethe ASPRO 2ddc c25249d25221 00102ddc4070aMAINbMAINc2NDd2017-08-08l0o624 AZIp000046704r2025-07-15 00:00:00yPROJST